000 00940nam a2200277Ia 4500
008 130821s2001 sp gr spa
020 _a8478842195
040 _aCo-BoUCM
_bspa
041 0 0 _aspa
100 _aHoutart, Francois
245 0 3 _aEl otro Davos
_bGlobalización de resistencias y de luchas
_cFrancois Houtart y Francois Polet
260 _aMadrid (España)
_bEditorial Popular
_c2001
300 _a205 páginas
490 _aCero a la Izquierda
504 _aIncluye bibliografía
650 0 4 _aAspectos sociales
_99682
650 0 4 _aEconomía política
_913709
650 0 4 _aGlobalización
_9216
650 0 4 _aGlobalización
_vAspectos sociales
_9216
650 0 4 _aGlobalización
_vCongresos, conferencias, etc.
_9216
650 0 4 _aNeoliberalismo
_920188
650 0 4 _aResistencia civil
_923638
700 _aPolet, Francois
942 _cLIBRO
_a7
_e1
_mH844O
_2DEWEY
_h337.1
999 _c32825
_d32825